[Event "41st Nezhmetdinov Rapid 2019"]
[Site "Kazan"]
[Date "2019.05.30"]
[Round "10.2"]
[White "Morozevich, Alexander"]
[Black "Sakaev, Konstantin"]
[Result "0-1"]
[WhiteElo "2656"]
[BlackElo "2584"]
[Annotator "TA"]
[PlyCount "94"]
[EventDate "2019.05.29"]
[EventType "swiss"]
[EventCountry "RUS"]
[SourceTitle "playchess.com"]
[Source "ChessBase"]
[SourceQuality "1"]

{[%evp 15,107,17,17,0,6,-10,0,4,-3,-12,-20,-22,-10,-35,-42,-174,-165,-159,-161,-172,-183,-177,-172,-177,-172,-162,-170,-166,-196,-172,-170,-224,-228,-216,-202,-210,-208,-252,-247,-275,-261,-286,-288,-287,-257,-254,-245,-259,-231,-237,-241,-246,-229,-274,-274,-452,-451,-407,-400,-371,-366,-350,-304,-480,-443,-477,-466,-428,-393,-607,-568,-605,-588,-895,-1016,-1183,-1308,-1471,-1216,-1167,-1161,-1129,-1110,-1703,-1647,-1488,-1409,-1893,-1853,-2129,-2031,-5704,-5186,-2337]} 1. e4 c5 2. Nf3 d6 3. d4 cxd4 4. Nxd4 Nf6 5. Nc3 a6 6. Be3 e5 7. Nb3 Be6 8. Qd2 Nbd7 {[%cal Bb8d7,Bd7f6,Bf6e4,Be4d2][%mdl 32]} ({Predecessor:} 8... Be7 9. O-O-O {0-1 (45) Ibarra Padron,J (2466)-Szczepankiewicz,D (2492) ICCF email 2008}) 9. O-O-O $146 {B90: Sicilian Najdorf: Unusual White 6th moves, 6 Be3 Ng4 and 6 Be3 e5} (9. f4 Rc8 10. O-O-O h5 11. Kb1 Be7 12. Bd3 b5 13. h3 h4 14. Rhf1 Qc7 15. a3 Nb6 16. Bxb6 Qxb6 17. Rde1 {0-1 (52) Svidler,P (2756)-Indjic,A (2604) Porto Carras 2018}) 9... Be7 10. f4 b5 {[%cal Bb7b5,Bb5b4][%mdl 32]} 11. f5 {The position is equal.} Bc4 12. g4 Nxg4 13. Rg1 Ndf6 14. Bg5 Bxf1 15. Rdxf1 (15. Bxf6 $1 $15 Nxf6 16. Rdxf1) 15... b4 $19 16. Nd5 Nxe4 {[%mdl 64] Double Attack, Discovered Attack} 17. Bxe7 Nxd2 18. Bxd8 Nxf1 19. Rxg4 {And now Bc7 would win.} Rxd8 20. Rg2 Rc8 21. Rf2 {[#]} Nxh2 $1 22. Rxh2 Rc4 23. Kd2 (23. Rh5 {was necessary.}) 23... h5 24. Kd3 Rg4 25. Ne3 {[#]} Rf4 $1 26. Nd2 h4 27. Ne4 Kd7 28. Ng5 Rh5 29. Nh3 Rf3 30. Ke2 Rg3 31. Nf2 Kc6 32. Ne4 Rg1 33. c4 a5 34. Kf3 h3 35. Nf2 $2 (35. b3) 35... Ra1 36. Kg4 g6 37. fxg6 fxg6 38. Nxh3 Re1 ({But not} 38... Rxa2 39. Nd5) 39. Kf3 {[#]} (39. Nd5 {was the only defense.}) 39... e4+ $1 {[%mdl 512]} 40. Kf2 (40. Kxe4 Re5+) 40... Ra1 41. Kg3 Rxa2 42. Rd2 (42. Nd5 $142) 42... a4 {Black is clearly winning.} 43. Nd5 Kc5 {...a3 is the strong threat.} 44. Nf6 e3 45. Rd1 e2 46. Re1 Rxb2 47. Nf4 Rg5+ {Played: Kc5xc4} 0-1

[Event "41st Nezhmetdinov Rapid 2019"]
[Site "Kazan"]
[Date "2019.05.30"]
[Round "10.3"]
[White "Kokarev, Dmitry"]
[Black "Indjic, Aleksandar"]
[Result "1/2-1/2"]
[WhiteElo "2605"]
[BlackElo "2604"]
[Annotator "TA"]
[PlyCount "97"]
[EventDate "2019.05.29"]
[EventType "swiss"]
[EventCountry "RUS"]
[SourceTitle "playchess.com"]
[Source "ChessBase"]
[SourceQuality "1"]

{[%evp 22,97,23,15,35,16,30,21,26,34,47,47,45,16,18,20,26,21,18,0,6,10,15,0,0,0,0,0,0,0,0,0,0,-14,-14,-22,-18,-10,11,0,0,0,0,0,0,0,0,0,0,0,0,-31,0,0,0,0,0,0,0,0,0,0,0,0,0,0,0,0,0,0,0,0,0,0,0,0,0,0]} 1. e4 e5 2. Nf3 Nc6 3. Bb5 a6 4. Ba4 Nf6 5. O-O Be7 6. Bxc6 dxc6 7. d3 Nd7 8. Nbd2 O-O 9. Nc4 f6 10. Nh4 Nc5 11. Nf5 Bxf5 12. exf5 b5 $146 {C85: Closed Ruy Lopez: Deferred Exchange Variation} (12... Qd5 13. Re1 Rfd8 14. Qg4 Bf8 15. h4 Qd4 16. Qh3 b5 17. Be3 Qd7 18. Nd2 Na4 19. Ne4 Nxb2 20. h5 Qf7 {1-0 (39) Le,Q (2715)-Abdulla,A (2472) Batumi 2018}) ({Predecessor:} 12... Qd7 13. Qh5 b5 {½-½ (14) Damjanovic,M-Gheorghiu,F Ljubljana 1969}) 13. Nd2 Qd7 14. Qh5 a5 15. Re1 Rad8 16. Ne4 Qe8 17. Qxe8 (17. Qe2 {looks sharper.} Nxe4 18. dxe4 Qf7 19. Be3 Rd7 20. Rec1) 17... Rfxe8 18. Be3 Nb7 19. a4 Kf7 20. Bd2 g6 21. fxg6+ hxg6 22. b3 b4 23. Be3 f5 24. Ng5+ Bxg5 25. Bxg5 Rd5 26. f3 Nc5 27. Be3 Ne6 28. Re2 c5 29. Rae1 Red8 30. Bf2 Kf6 31. Bg3 {[%cal Rg3e5]} f4 32. Bf2 g5 33. Re4 Rh8 34. g3 Kf5 35. Kg2 Rh6 36. Rh1 (36. g4+ {keeps more tension.} Kf6 37. Rc4 Rh8 38. Rh1 Nd4 39. h4) 36... fxg3 37. hxg3 {The position is equal.} Rxh1 38. Kxh1 Nd4 39. Bxd4 cxd4 $11 {[%mdl 4096] Endgame KR-KR} 40. Kg2 Rc5 41. Re2 Rc3 42. Kf1 c5 43. g4+ Ke6 44. Rh2 c4 45. bxc4 b3 46. Rh6+ Kd7 47. cxb3 Rxd3 48. Kf2 Rxb3 49. Ra6 {Accuracy: White = 72%, Black = 78%.} 1/2-1/2

[Event "41st Nezhmetdinov Rapid 2019"]
[Site "Kazan"]
[Date "2019.05.30"]
[Round "10.4"]
[White "Svetushkin, Dmitry"]
[Black "Chigaev, Maksim"]
[Result "0-1"]
[WhiteElo "2536"]
[BlackElo "2637"]
[Annotator "TA"]
[PlyCount "114"]
[EventDate "2019.05.29"]
[EventType "swiss"]
[EventCountry "RUS"]
[SourceTitle "playchess.com"]
[Source "ChessBase"]
[SourceQuality "1"]

{[%evp 27,122,27,27,5,21,21,27,18,23,33,29,19,31,23,22,24,40,29,31,13,62,67,68,0,0,0,0,0,20,-9,56,56,84,77,89,56,48,37,167,167,173,178,162,173,352,181,617,599,607,606,657,655,571,589,575,599,578,565,839,874,829,814,920,415,415,414,733,744,1087,435,442,419,418,392,355,346,435,300,305,306,300,225,208,0,0,0,75,0,395,365,353,0,0,0,0,0,0]} 1. e4 e5 2. Nf3 Nc6 3. Bb5 a6 4. Ba4 Nf6 5. O-O Be7 6. Re1 b5 7. Bb3 d6 8. c3 O-O 9. h3 Re8 10. d4 Bb7 11. Nbd2 Bf8 12. a3 h6 13. Bc2 Nb8 14. b3 Nbd7 15. a4 {C93: Closed Ruy Lopez: Smyslov Variation} (15. Bb2 c6 16. Bd3 g6 17. Qc2 Nh5 18. Bf1 Nf4 19. b4 Rc8 20. c4 exd4 21. Bxd4 bxc4 22. Nxc4 c5 {1-0 (64) Jakovenko,D (2748)-Oparin,G (2609) Satka 2018}) 15... c6 16. Bb2 g6 17. Bd3 {White has an edge.} Bg7 18. Qc2 Nh5 19. b4 Nf4 20. Bf1 Ne6 21. Nb3 Rc8 $146 ({Predecessor:} 21... Nb6 22. Na5 Qc7 23. axb5 axb5 24. dxe5 dxe5 25. Nxb7 Qxb7 26. Rxa8 Rxa8 {½-½ (58) Zielasko,A (2330)-Teeriaho,T (2342) GER email 2015}) 22. Na5 Ba8 23. Qb3 Nb6 24. axb5 cxb5 25. dxe5 (25. d5 $14 Nc7 26. c4) 25... d5 $11 26. Rad1 Ng5 27. Nxg5 hxg5 28. exd5 Bxd5 (28... Rxe5 $11 29. Rxe5 Bxe5) 29. c4 $1 $36 {[%cal Rc4d5][%mdl 2048] White is pushing.} bxc4 30. Qe3 Qc7 31. Rc1 Be6 $1 32. Qxg5 (32. Bd4 $5 {[%cal Rd4b6]} Rb8 33. Qxg5 $16) 32... Red8 (32... Bf8 $14) 33. h4 $1 $18 Bf8 34. h5 Qe7 35. Qg3 $1 Kg7 $2 {[#]} (35... g5 36. Ba3 Rd7) 36. Rb1 (36. Nxc4 $142 $1 {[%mdl 512]} Nxc4 37. Bxc4) 36... Na4 $2 (36... Qc7) 37. Bc1 Rd4 38. Bg5 Qe8 39. Bf6+ (39. Qf3 Kg8 $16) 39... Kg8 40. Nb7 Rg4 41. Qe3 Qc6 {[#]} 42. Nd6 $1 {[%mdl 512]} c3 (42... Bxd6 43. Qh6) 43. f3 c2 44. Rbc1 Rxb4 45. Bd3 (45. Qg5 $142 Qc5+ 46. Kh2) 45... Qc5 {And now ...Qxe3+ would win.} 46. Nxc8 Qxc8 (46... Qxe3+ $142 47. Rxe3 Bxc8) 47. Kh1 Nc5 48. hxg6 (48. Bxc2 $142 Bf5 49. hxg6 Bxg6 {[#]} 50. e6 $1 {[%mdl 512]} Nxe6 51. Bxg6) 48... Nxd3 49. gxf7+ ({But not} 49. Qxd3 Bf5 $18) 49... Kxf7 50. Qxd3 Bf5 51. Qe3 ({Don't play} 51. Qd5+ Qe6 $18) 51... Qe6 52. Qg5 Bg6 53. Kh2 Rb1 54. g4 {aiming for f4.} Ba3 55. Kg3 $2 (55. Qh6 $18 {Hoping for Qg7+.} Bxc1 56. Qg7+ (56. Rxc1 Rxc1 57. Qxc1 Qc6 $11) 56... Ke8 57. Qxg6+ {[%mdl 64] Double Attack} Qf7 58. Qf5 Bf4+ 59. Qxf4 Rxe1 60. Qa4+ {[%mdl 64] Double Attack} Qd7 61. Qxc2) 55... Bxc1 $11 56. Rxc1 Qb6 (56... a5 $11 {keeps the balance.}) 57. Qh6 (57. Qd2 $16 {Qd7+ would kill now.} Ke8 58. Rxc2 Bxc2 59. Qxc2 Qg1+ 60. Kf4 Qc1+ 61. Qxc1 Rxc1 62. e6) 57... Rxc1 {Played: Qb6-g1} 0-1

[Event "41st Nezhmetdinov Rapid 2019"]
[Site "Kazan"]
[Date "2019.05.30"]
[Round "10.5"]
[White "Timofeev, Artyom"]
[Black "Maiorov, Nikita"]
[Result "1/2-1/2"]
[WhiteElo "2602"]
[BlackElo "2514"]
[Annotator "TA"]
[PlyCount "63"]
[EventDate "2019.05.29"]
[EventType "swiss"]
[EventCountry "RUS"]
[SourceTitle "playchess.com"]
[Source "ChessBase"]
[SourceQuality "1"]

{[%evp 15,63,0,0,-14,0,0,2,0,0,-11,0,-11,9,-9,0,0,-10,-13,16,-17,-2,-21,0,-12,0,0,0,-22,-20,-45,-49,-30,11,14,11,11,16,10,16,18,10,0,0,0,0,0,0,0,0,0]} 1. c4 Nf6 $146 ({Predecessor:} 1... e5 2. d3 Nf6 3. Nf3 Nc6 4. a3 d5 5. cxd5 Nxd5 6. e3 g6 7. Nc3 Bg7 8. Bd2 O-O 9. Be2 b6 {0-1 (73) Hovhannisyan,R (2613)-Vokhidov,S (2063) Tashkent 2014}) 2. Nc3 e5 3. e3 Nc6 4. d3 g6 5. Nf3 Bg7 6. Be2 O-O 7. O-O d5 8. cxd5 Nxd5 9. Bd2 {A28: English Opening: Four Knights Variation} b6 10. a3 Bb7 11. Rc1 a5 12. Re1 Nxc3 13. Bxc3 a4 14. Nd2 Qd7 15. b4 axb3 16. Qxb3 Ne7 17. Bb2 Bd5 18. Qc2 Rfc8 19. Bf3 Bxf3 (19... Qe6 {is more complex.} 20. Bxd5 Nxd5 21. Qb3 c5 22. h3 Rd8) 20. Nxf3 Ra5 21. d4 exd4 22. Bxd4 Bxd4 23. exd4 Nf5 24. Ne5 $1 {[%cal Re5d7] The position is equal.} Qa4 25. Qa2 Rf8 $1 ({Don't go for} 25... Nd6 $2 26. Nc6 $18) 26. Rxc7 Qxa3 27. Qxa3 Rxa3 28. Nd7 Rfa8 29. Nxb6 Ra1 {[%cal Ra1e1] [#]} 30. Rcc1 Rxc1 31. Rxc1 Ra6 32. Nd5 {Accuracy: White = 36%, Black = 46%.} 1/2-1/2

[Event "41st Nezhmetdinov Rapid 2019"]
[Site "Kazan"]
[Date "2019.05.30"]
[Round "10.6"]
[White "Khanin, Semen"]
[Black "Golubov, Saveliy"]
[Result "1/2-1/2"]
[WhiteElo "2524"]
[BlackElo "2460"]
[Annotator "TA"]
[PlyCount "43"]
[EventDate "2019.05.29"]
[EventType "swiss"]
[EventCountry "RUS"]
[SourceTitle "playchess.com"]
[Source "ChessBase"]
[SourceQuality "1"]

{[%evp 11,43,53,60,50,80,80,87,114,147,149,137,143,151,36,55,10,27,20,46,0,0,0,22,-79,-77,-79,-78,-81,-44,-83,-91,-79,-81,-69]} 1. e4 d6 2. d4 Nf6 3. Nc3 Nbd7 4. f4 e5 5. Nf3 exd4 6. Qxd4 Nc5 7. Bc4 {B07: Pirc Defence: Miscellaneous Systems} (7. Be3 g6 8. e5 Ne6 9. Qa4+ Bd7 10. Bb5 Ng4 11. Bxd7+ Qxd7 12. Qxd7+ Kxd7 13. Bd2 f5 14. h3 Nh6 {½-½ (27) Ponomariov,R (2616)-Beliavsky,A (2618) Bled 1999}) 7... Be6 8. O-O Be7 9. b4 {White is better.} Bxc4 10. Qxc4 Ncd7 11. e5 Nb6 {[#]} 12. Qe2 ({Better is} 12. Qb3 $1 $16 Nfd7 13. Be3) 12... dxe5 13. Rd1 ({Much weaker is} 13. Qxe5 O-O $15) ({Weaker is} 13. Nxe5 Qd4+ 14. Qe3 Qxe3+ 15. Bxe3 Bxb4 $15) 13... Nfd7 $146 ({Predecessor:} 13... Qc8 14. fxe5 Nfd7 15. e6 Nf6 16. exf7+ Kxf7 17. Ng5+ Kg8 18. Qxe7 {1-0 (18) Garcia Padron,J (2414)-Rodriguez Molina,M (1489) Isla de la Palma 2018}) 14. fxe5 O-O $1 15. Qe4 a5 16. Be3 {And now Bxb6 would win.} axb4 17. Nd5 (17. Bxb6 $11 cxb6 18. e6) 17... Nxd5 $17 18. Qxd5 {[#]} Nb6 $1 $36 {[%cal Rb6d5][%mdl 2048] Black is on the roll.} 19. Qxb7 Qc8 20. Qe4 Qe6 21. Nd4 Qc4 {White must now prevent ...c5.} 22. Qf3 {Accuracy: White = 47%, Black = 55%.} 1/2-1/2

[Event "41st Nezhmetdinov Rapid 2019"]
[Site "Kazan"]
[Date "2019.05.30"]
[Round "10.8"]
[White "Pridorozhni, Aleksei"]
[Black "Gareyev, Timur"]
[Result "0-1"]
[WhiteElo "2588"]
[BlackElo "2570"]
[Annotator "TA"]
[PlyCount "62"]
[EventDate "2019.05.29"]
[EventType "swiss"]
[EventCountry "RUS"]
[SourceTitle "playchess.com"]
[Source "ChessBase"]
[SourceQuality "1"]

{[%evp 9,62,-13,12,0,29,27,34,27,37,-16,-15,-38,-34,-69,-36,-57,-64,-61,-64,-80,-81,-66,-26,-139,-147,-142,-154,-156,-165,-137,-164,-150,-155,-229,-113,-106,-103,-177,-166,-162,-191,-155,-141,-140,-88,-88,-40,-267,-268,-287,-276,-400,-425,-29979,-29980]} 1. e4 e5 2. f4 d5 3. exd5 c6 4. Qe2 cxd5 5. fxe5 Nc6 $1 {[%cal Rc6d4] Black wants to play ...Nd4.} 6. Nf3 {C31: Falkbeer Counter Gambit: 3 exd5 c6 and 3...e4 sidelines.} d4 (6... Bg4 7. c3 d4 8. Qe4 Bxf3 9. gxf3 Nge7 10. Na3 Ng6 11. Bb5 Bxa3 12. Bxc6+ bxc6 13. bxa3 {½-½ (63) Darmin,D (2376)-Jamilov,R (2429) Ufa 2012}) 7. Qe4 Nge7 $146 ({Predecessor:} 7... Bc5 8. Bc4 Nh6 9. d3 Bf5 10. Qf4 O-O 11. O-O Be6 12. Nbd2 Nf5 13. Ne4 {½-½ (121) Stiri,A (2252)-Makropoulou,M (2313) Athens 2006}) 8. Bc4 {White is slightly better.} Bf5 9. Qe2 (9. Qf4 $14) 9... d3 $11 ({Inferior is} 9... Bxc2 10. d3 $16) 10. cxd3 Ng6 $36 {[%mdl 2048] Black is pushing.} 11. Qf2 Bb4 (11... Nf4 $5 {[%cal Rf5d3]} 12. O-O Nxd3 $15) 12. O-O O-O 13. d4 Be4 14. d3 Bxf3 $1 15. gxf3 Nxd4 (15... b5 $5 16. Bxb5 Nxd4 $15) 16. f4 (16. Be3 $1 $11 Bc5 17. Nc3) 16... b5 $17 17. Be3 Bc5 18. Nc3 {Threatens to win with Bd5.} bxc4 19. dxc4 {Rad1 is the strong threat.} Nh4 {Hoping for ...Nhf5.} 20. Kh1 Nhf5 21. Rad1 (21. Nd5 $17 Rb8 22. Rab1) 21... Nxe3 (21... Rb8 $19 22. b3 Qa5) 22. Qxe3 Qb6 23. Nd5 (23. Qe4 $17 {is a better defense.} Rad8 24. b3) 23... Qxb2 $19 24. Rd2 {[#]} Qb7 $1 ({Not} 24... Nf5 25. Qd3 $18) 25. Rxd4 {aiming for Qe4.} Bxd4 26. Qxd4 {[#]} Kh8 ({Black should play} 26... Rab8 $1 27. f5 Qb2) 27. f5 $17 Rac8 28. f6 $2 (28. Rg1 $1 $15) 28... gxf6 $19 29. Qf4 Rc6 30. exf6 (30. Rg1 $142 fxe5 31. Qxe5+ f6 32. Qe4) 30... Rg8 31. h4 (31. a3 $19) 31... Qc8 {Accuracy: White = 39%, Black = 52%.} 0-1

[Event "41st Nezhmetdinov Rapid 2019"]
[Site "Kazan"]
[Date "2019.05.30"]
[Round "10.9"]
[White "Makhmutov, Rail"]
[Black "Nozdrachev, Vladislav"]
[Result "1-0"]
[WhiteElo "2390"]
[BlackElo "2489"]
[Annotator "ChessBase"]
[PlyCount "77"]
[EventDate "2019.05.29"]
[EventType "swiss"]
[EventCountry "RUS"]
[SourceTitle "playchess.com"]
[Source "ChessBase"]
[SourceQuality "1"]
[TimeControl "900+10"]

1. d4 {[%emt 0:00:00]} Nf6 {[%emt 0:00:00]} 2. c4 {[%emt 0:00:00]} e6 {[%emt 0:00:00]} 3. g3 {[%emt 0:00:37]} d5 {[%emt 0:00:00]} 4. Nf3 {[%emt 0:00:06]} Be7 {[%emt 0:00:00]} 5. Bg2 {[%emt 0:00:03]} O-O {[%emt 0:00:01]} 6. O-O {[%emt 0:00:02]} dxc4 {[%emt 0:00:03]} 7. Ne5 {[%emt 0:00:09]} Nc6 {[%emt 0:00:06]} 8. Bxc6 {[%emt 0:00:12]} bxc6 {[%emt 0:00:02]} 9. Nxc6 {[%emt 0:00:02]} Qe8 {[%emt 0:00:01]} 10. Nxe7+ {[%emt 0:00:04]} Qxe7 {[%emt 0:00:01]} 11. Qa4 {[%emt 0:00:26]} c5 {[%emt 0:00:35]} 12. Qa3 {[%emt 0:00:49]} Bb7 {[%emt 0:00:30]} 13. Nc3 {[%emt 0:00:20]} Rfc8 {[%emt 0:01:53]} 14. Bg5 {[%emt 0:00:08]} h6 {[%emt 0:00:52]} 15. Bxf6 {[%emt 0:00:16]} Qxf6 {[%emt 0:00:02]} 16. dxc5 {[%emt 0:00:14]} Qf5 {[%emt 0:00:20]} 17. Rad1 {[%emt 0:03:25]} Qxc5 {[%emt 0:04:58]} 18. Rd8+ {[%emt 0:01:16]} Kh7 {[%emt 0:00:08]} 19. Qxc5 {[%emt 0:00:09]} Rxc5 {[%emt 0:00:02]} 20. Rd7 {[%emt 0:00:26]} Bc6 {[%emt 0:01:18]} 21. Rxf7 {[%emt 0:04:04]} Be8 {[%emt 0:00:33]} 22. Re7 {[%emt 0:00:24]} Rc6 {[%emt 0:01:16]} 23. Rd1 {[%emt 0:00:06]} Rb6 {[%emt 0:00:10]} 24. Rd2 {[%emt 0:00:13]} Rab8 {[%emt 0:00:12]} 25. f3 {[%emt 0:00:23]} a5 {[%emt 0:00:16]} 26. Kf2 {[%emt 0:00:34]} Kg8 {[%emt 0:00:13]} 27. h4 {[%emt 0:01:04]} Kf8 {[%emt 0:00:20]} 28. Rc7 {[%emt 0:00:35]} Rxb2 {[%emt 0:00:09]} 29. Rd4 {[%emt 0:00:23]} Rc2 {[%emt 0:00:50]} 30. Rf4+ {[%emt 0:00:23]} Kg8 {[%emt 0:00:02]} 31. Rfxc4 {[%emt 0:00:07]} e5 {[%emt 0:03:23]} 32. Re4 {[%emt 0:01:05]} Bf7 {[%emt 0:00:56]} 33. Rxe5 {[%emt 0:00:03]} Bxa2 {[%emt 0:00:29]} 34. Rxa5 {[%emt 0:00:24]} Bf7 {[%emt 0:00:14]} 35. Raa7 {[%emt 0:00:06]} Rf8 {[%emt 0:00:03]} 36. g4 {[%emt 0:00:49]} Rb2 {[%emt 0:00:07]} 37. Ne4 {[%emt 0:00:12]} Rb6 {[%emt 0:00:04]} 38. Rd7 {[%emt 0:00:17]} Rg6 {[%emt 0:00:33]} 39. h5 {[%emt 0:00:20]} 1-0

[Event "41st Nezhmetdinov Rapid 2019"]
[Site "Kazan"]
[Date "2019.05.30"]
[Round "10.10"]
[White "Frolyanov, Dmitry"]
[Black "Korovin, Mikhail"]
[Result "1/2-1/2"]
[WhiteElo "2538"]
[BlackElo "2311"]
[Annotator "RC"]
[PlyCount "103"]
[EventDate "2019.05.29"]
[EventType "swiss"]
[EventCountry "RUS"]
[SourceTitle "playchess.com"]
[Source "ChessBase"]
[SourceQuality "1"]
[TimeControl "900+10"]

1. e4 {[%emt 0:00:00]} e6 {[%emt 0:00:00]} 2. d4 {[%emt 0:00:00]} d5 {[%emt 0:00:00]} 3. Nd2 {[%emt 0:00:05]} Nc6 {[%emt 0:00:00]} 4. Ngf3 {[%emt 0:00:14]} Nf6 {[%emt 0:00:00]} 5. e5 {[%emt 0:00:22]} Nd7 {[%emt 0:00:00]} 6. c3 {[%emt 0:00:57]} f6 {[%emt 0:00:02]} 7. exf6 {[%emt 0:00:03]} Qxf6 {[%emt 0:00:02]} 8. Be2 {[%emt 0:01:14]} Bd6 {[%emt 0:00:05]} 9. Nf1 {[%emt 0:00:24]} O-O {[%emt 0:01:05]} 10. Ng3 {[%emt 0:00:05]} e5 {[%emt 0:01:11]} 11. dxe5 {[%emt 0:00:06]} Ndxe5 {[%emt 0:00:02]} 12. O-O {[%emt 0:01:33]} Be6 {[%emt 0:00:36]} 13. Ng5 {[%emt 0:00:32]} Bc5 {[%emt 0:00:59]} 14. Kh1 {[%emt 0:00:28]} Rad8 {[%emt 0:01:50]} 15. f4 {[%emt 0:00:34]} Nc4 {[%emt 0:01:53]} 16. Qd3 {[%emt 0:01:59]} g6 {[%emt 0:02:10]} 17. Nxe6 {[%emt 0:00:17]} Qxe6 {[%emt 0:00:02]} 18. f5 {[%emt 0:00:07]} gxf5 {[%emt 0:00:55]} 19. Nxf5 {[%emt 0:00:03]} Kh8 {[%emt 0:00:35]} 20. Bg5 {[%emt 0:00:23]} Rde8 {[%emt 0:00:15]} 21. Bh5 {[%emt 0:00:20]} N6e5 {[%emt 0:01:02]} 22. Qg3 {[%emt 0:02:08]} Ng6 {[%emt 0:00:41]} 23. Bg4 {[%emt 0:01:35]} Qe5 {[%emt 0:01:11]} 24. Qh3 {[%emt 0:01:00]} Nd6 {[%emt 0:00:46]} 25. b4 {[%emt 0:00:49]} Ne4 {[%emt 0:00:53]} 26. bxc5 {[%emt 0:02:04]} Nxg5 {[%emt 0:00:02]} 27. Qh6 {[%emt 0:00:22]} Ne4 {[%emt 0:00:21]} 28. Bh5 {[%emt 0:00:09]} Nf2+ {[%emt 0:01:44]} 29. Rxf2 {[%emt 0:00:21]} Rxf5 {[%emt 0:00:03]} 30. Rxf5 {[%emt 0:00:12]} Qxf5 {[%emt 0:00:01]} 31. h3 {[%emt 0:00:21]} Kg8 {[%emt 0:01:04]} 32. Bg4 {[%emt 0:00:05]} Qf4 {[%emt 0:00:13]} 33. Qxf4 {[%emt 0:00:22]} Nxf4 {[%emt 0:00:01]} 34. Rb1 {[%emt 0:00:10]} b6 {[%emt 0:00:12]} 35. cxb6 {[%emt 0:00:02]} axb6 {[%emt 0:00:02]} 36. Rd1 {[%emt 0:00:25]} Re3 {[%emt 0:00:25]} 37. Rd4 {[%emt 0:00:23]} Nd3 {[%emt 0:00:13]} 38. Kh2 {[%emt 0:00:20]} c6 {[%emt 0:00:21]} 39. c4 {[%emt 0:00:29]} dxc4 {[%emt 0:00:01]} 40. Rxc4 {[%emt 0:00:01]} Ne5 {[%emt 0:00:02]} 41. Be6+ {[%emt 0:00:17]} Kg7 {[%emt 0:00:03]} 42. Rb4 {[%emt 0:00:14]} b5 {[%emt 0:00:38]} 43. Bc8 {[%emt 0:00:02]} Re2 {[%emt 0:00:05]} 44. a4 {[%emt 0:00:13]} bxa4 {[%emt 0:00:20]} 45. Rxa4 {[%emt 0:00:01]} Nf3+ {[%emt 0:00:06]} 46. Kg3 {[%emt 0:00:05]} Ne1 {[%emt 0:00:01]} 47. Rg4+ {[%emt 0:00:23]} Kf6 {[%emt 0:00:04]} 48. Rf4+ {[%emt 0:00:08]} Ke5 {[%emt 0:00:21]} 49. Rf5+ {[%emt 0:00:04]} Kd6 {[%emt 0:00:06]} 50. Rf6+ {[%emt 0:00:07]} Kc7 {[%emt 0:00:15]} 51. Bg4 {[%emt 0:00:02]} Rxg2+ {[%emt 0:00:03]} 52. Kh4 {[%emt 0:00:01]} 1/2-1/2

[Event "41st Nezhmetdinov Rapid 2019"]
[Site "Kazan"]
[Date "2019.05.30"]
[Round "11.1"]
[White "Chigaev, Maksim"]
[Black "Vallejo Pons, Francisco"]
[Result "1/2-1/2"]
[WhiteElo "2637"]
[BlackElo "2688"]
[Annotator "TA"]
[PlyCount "34"]
[EventDate "2019.05.29"]
[EventType "swiss"]
[EventCountry "RUS"]
[SourceTitle "playchess.com"]
[Source "ChessBase"]
[SourceQuality "1"]

{[%evp 15,16,-4,7]} 1. e4 e5 2. Nf3 Nc6 3. d4 exd4 4. Nxd4 Nf6 5. Nxc6 bxc6 6. e5 Qe7 7. Qe2 Nd5 8. c4 Nb6 {Predecessor:} 9. Nc3 $146 a5 10. Bd2 g6 11. Ne4 Bg7 12. Nf6+ Kd8 13. O-O-O Ba6 14. Qg4 Kc8 15. Bxa5 h5 16. Qg3 h4 17. Qg4 Qxe5 {½-½ (38) Radjabov,T (2756)-Topalov,V (2740) Shamkir 2019} 1/2-1/2

[Event "41st Nezhmetdinov Rapid 2019"]
[Site "Kazan"]
[Date "2019.05.30"]
[Round "11.2"]
[White "Sakaev, Konstantin"]
[Black "Tsydypov, Zhamsaran"]
[Result "1/2-1/2"]
[WhiteElo "2584"]
[BlackElo "2546"]
[Annotator "TA"]
[PlyCount "45"]
[EventDate "2019.05.29"]
[EventType "swiss"]
[EventCountry "RUS"]
[SourceTitle "playchess.com"]
[Source "ChessBase"]
[SourceQuality "1"]

{[%evp 13,45,48,30,32,45,33,39,34,39,31,35,36,54,58,56,48,65,62,49,28,38,10,14,13,14,11,16,8,16,9,12,13,22,12]} 1. d4 Nf6 2. c4 g6 3. Nc3 Bg7 4. e4 d6 5. Be2 O-O 6. Be3 c5 7. d5 e6 8. Nf3 {E73: King's Indian: Averbakh Variation without 6...c5} exd5 ({Predecessor:} 8... Re8 9. Nd2 Na6 10. O-O Nc7 11. a4 b6 12. Re1 exd5 {1-0 (37) Lampert,J (2532)-Gokerkan,C (2408) Karlsruhe 2018}) 9. cxd5 Re8 $146 (9... Bg4 10. Nd2 Bxe2 11. Qxe2 Re8 12. f3 Nfd7 13. h4 Na6 14. h5 Qe7 15. hxg6 fxg6 {1-0 (28) Eljanov,P (2680)-Moranda,W (2593) chess.com INT 2019}) 10. Nd2 {White is slightly better.} Na6 11. O-O Nc7 12. a4 b6 13. Re1 Rb8 14. Bf4 a6 15. Bf3 b5 $1 16. axb5 axb5 17. e5 dxe5 {The position is equal.} 18. Bxe5 b4 19. Na4 $1 Nfxd5 20. Bxg7 Kxg7 21. Nxc5 Rxe1+ 22. Qxe1 Qf6 23. Nc4 {Accuracy: White = 64%, Black = 76%.} 1/2-1/2